| 000 | 00770nam a22002177i 4500 | ||
|---|---|---|---|
| 999 |
_c22829 _d22829 |
||
| 003 | AR-CdUCM | ||
| 008 | 240417b20232023pe ||||| |||| 00| 0 spa d | ||
| 020 | _a978-612-00-9008-4 | ||
| 040 |
_aMUNICIPALIDAD PROVINCIAL DEL CUSCO _cBIBLIOTECA MUNICIPAL DEL CUSCO |
||
| 041 | _hspa | ||
| 082 |
_a398.0985 / M10 _bM10 |
||
| 100 |
_aMinauro Cruz, Víctor _949554 |
||
| 245 | _aHatun K´ana : Los Casamenteros de Mollo Q´awa / | ||
| 260 |
_aCusco : _c2023 |
||
| 300 |
_a62 página. : _c24 cm. |
||
| 505 | _aNación K´ana -- Santuario de Mollo Q´awa -- Escuela de Trabajo y la Guerra -- Casamiento de Puna Runa -- Puna Runa en el Ejército Inka | ||
| 650 |
_aChask´a Lucero _949557 |
||
| 650 |
_aK´anapampa _949558 |
||
| 942 |
_2ddc _cLIBROS |
||
| 945 |
_apbj _d17-04-2024 |
||